| 000 | 00369nam a2200145Ia 4500 | ||
|---|---|---|---|
| 008 | 150201s2007 xx 000 0 und d | ||
| 082 |
_a617.643 _bA2007L |
||
| 100 | _aMITCHELL, | ||
| 245 | _aAN INTRODUCTION TO ORTHODONTICS | ||
| 250 | _a1ST | ||
| 260 |
_bOXFORD UNIVERSITY PRESS _aOXFORD(LONDON) _c2007 |
||
| 300 | _a1-270 | ||
| 650 | _aORTHODONTICS | ||
| 942 |
_2ddc _cBK |
||
| 999 |
_c4232 _d4232 |
||